000 00506nam a2200181Ia 4500
008 090123s9999 xx 000 0 und d
082 _b7643
_a891.463/बाबू
100 _aबिरादार बाबु
245 _aकावड
250 _a1
260 _bविद्या प्रकाशन
300 _a88
600 _aबिरादार बाबु
630 _aकावड
700 _aबिरादार बाबु
730 _aकावड
942 _cBOOK
999 _c45709
_d45709